[Event "DVM U10 2016"]
[Site "Magdeburg GER"]
[Date "2016.12.27"]
[Round "1"]
[White "Jafarzadeh, Aria"]
[Black "Timofeev, Ben"]
[Result "1-0"]
[Termination "normal"]
[Board "9.4"]
[WhiteElo "932"]
[BlackElo "788"]
[WhiteTeam "Stader SV 1"]
[BlackTeam "Stader SV 2"]
[PlyCount "78"]
[EventCountry "GER"]
[EventRounds "7"]
[EventType "team-swiss"]
[EventDate "2016.12.27"]

1. e4 e6 2. b3 Bc5 3. Bb2 Qh4 4. Qf3 Nf6 5. Nc3 c6 6. Qg3 Qh6 7. e5 Nd5 8. Nxd5
cxd5 9. O-O-O f5 10. exf6 gxf6 11. Nf3 Nc6 12. Ng5 fxg5 13. Bxh8 Qg6 14. Bb2
Nb4 15. d3 a5 16. c3 Nc6 17. d4 Bb6 18. Ba3 Qh5 19. h4 Qf7 20. Qxg5 Bd8 21. Qh6
Ne7 22. Qxh7 Qxf2 23. Qh8+ Qf8 24. Qxf8+ Kxf8 25. Be2 b6 26. Rhf1+ Kg7 27. Rf3
e5 28. Rdf1 e4 29. Rf7+ Kg8 30. Bh5 Nc6 31. Bg6 Be7 32. Bh7+ Kh8 33. Bxe7 Nxe7
34. Rf8+ Ng8 35. Bxg8 d6 36. Be6+ Kg7 37. Rg8+ Kh7 38. Rf7+ Kh6 39. Rf6+ Kh7
1-0

[Event "DVM U10 2016"]
[Site "Magdeburg GER"]
[Date "2016.12.27"]
[Round "1"]
[White "Costa, Leonardo"]
[Black "Tran Minh, Hieu"]
[Result "1-0"]
[Termination "normal"]
[Board "10.1"]
[WhiteElo "1620"]
[BlackElo "1170"]
[WhiteTeam "SK München Südost"]
[BlackTeam "SF Hettstedt"]
[PlyCount "75"]
[WhiteFideId "16213955"]
[BlackFideId "16244877"]
[EventCountry "GER"]
[EventRounds "7"]
[EventType "team-swiss"]
[EventDate "2016.12.27"]

1. e4 e5 2. Nf3 Nc6 3. Bc4 Bc5 4. c3 Qe7 5. d3 h6 6. O-O Nf6 7. Nbd2 O-O 8. h3
d6 9. Re1 Nh5 10. Nf1 Qf6 11. b4 Bb6 12. a4 a5 13. b5 Ne7 14. Be3 Bd7 15. Bxb6
cxb6 16. N3h2 Qg6 17. Kh1 Nf4 18. Qf3 Qg5 19. Qg3 Neg6 20. Qxg5 hxg5 21. Nf3 g4
22. hxg4 Bxg4 23. Ng1 Be6 24. Bxe6 fxe6 25. Red1 d5 26. g3 Nh5 27. Kg2 dxe4 28.
dxe4 Rac8 29. Rac1 Rc4 30. Rd7 Rxe4 31. Rxb7 Rxa4 32. Rxb6 Rf6 33. c4 Ra2 34.
Nh3 Kf7 35. c5 Ke7 36. Rb7+ Kd8 37. c6 Ne7 38. c7+ 1-0

[Event "DVM U10 2016"]
[Site "Magdeburg GER"]
[Date "2016.12.27"]
[Round "1"]
[White "Seidel, Hans"]
[Black "Glok, David"]
[Result "1-0"]
[Termination "normal"]
[Board "10.2"]
[WhiteElo "871"]
[BlackElo "1136"]
[WhiteTeam "SF Hettstedt"]
[BlackTeam "SK München Südost"]
[PlyCount "74"]
[BlackFideId "16226224"]
[EventCountry "GER"]
[EventRounds "7"]
[EventType "team-swiss"]
[EventDate "2016.12.27"]

1. e4 c5 2. Nf3 Nc6 3. Bc4 e6 4. Nc3 f5 5. exf5 d5 6. Bb5 Qd6 7. Bxc6+ Qxc6 8.
O-O Nf6 9. fxe6 Bxe6 10. Re1 O-O-O 11. Ne5 Qc7 12. d3 Bd6 13. Nf3 Rhf8 14. Rxe6
c4 15. Be3 b6 16. Nb5 Qb8 17. Rxd6 Rxd6 18. Nxd6+ Qxd6 19. dxc4 Ne4 20. Bd4 Rf5
21. Bxg7 Qc5 22. Bd4 Qxc4 23. b3 Qc7 24. Rc1 Qd8 25. c4 Kb8 26. Be5+ Kb7 27.
cxd5 Rf7 28. Qd4 Ng5 29. Nxg5 Qxg5 30. Rf1 Rf8 31. f4 Qg6 32. d6 Rg8 33. Qd5+
Kc8 34. Rc1+ Kd8 35. d7 Ke7 36. Rc8 Qb1+ 37. Kf2 Qxa2+ 1-0

[Event "DVM U10 2016"]
[Site "Magdeburg GER"]
[Date "2016.12.27"]
[Round "1"]
[White "Neidhold, Moritz"]
[Black "Born, Constantin"]
[Result "1-0"]
[Termination "normal"]
[Board "10.3"]
[WhiteElo "1047"]
[BlackElo "773"]
[WhiteTeam "SK München Südost"]
[BlackTeam "SF Hettstedt"]
[PlyCount "31"]
[BlackFideId "16269438"]
[EventCountry "GER"]
[EventRounds "7"]
[EventType "team-swiss"]
[EventDate "2016.12.27"]

1. e4 e5 2. Nc3 Nf6 3. Bc4 Nc6 4. Nf3 Bc5 5. d3 O-O 6. Bg5 d6 7. Bxf6 Qxf6 8.
Qd2 Bg4 9. O-O-O Bxf3 10. gxf3 Nb4 11. Nd5 Nxd5 12. Bxd5 c6 13. Bc4 Qd8 14.
Rhg1 g6 15. f4 Qb6 16. Rdf1 {nicht mehr nachvollziehbar} 1-0

[Event "DVM U10 2016"]
[Site "Magdeburg GER"]
[Date "2016.12.27"]
[Round "1"]
[White "Palfi, Anton Emil"]
[Black "Oehring, Claus-Ferdinand"]
[Result "0-1"]
[Termination "normal"]
[Board "10.4"]
[WhiteElo "859"]
[BlackElo "923"]
[WhiteTeam "SF Hettstedt"]
[BlackTeam "SK München Südost"]
[PlyCount "54"]
[EventCountry "GER"]
[EventRounds "7"]
[EventType "team-swiss"]
[EventDate "2016.12.27"]

1. e4 e5 2. Bc4 Nf6 3. Nf3 Bc5 4. Nxe5 d5 5. exd5 Nxd5 6. Qh5 Be6 7. Nd3 Nf6 8.
Qf3 Bxc4 9. Nxc5 Qe7+ 10. Qe3 Nc6 11. d3 Ne5 12. dxc4 Nfg4 13. Qe4 Qxc5 14. Kd1
Nxf2+ 15. Ke2 Nxe4 16. Rf1 Qxc4+ 17. Ke3 Qxf1 18. Kxe4 Qe2+ 19. Kf5 O-O 20. Bf4
Rfe8 21. a4 g6+ 22. Kg5 Qxg2+ 23. Kh6 Ng4+ 24. Kg5 Nxh2+ 25. Kf6 Qf3 26. Kg5
Qg4+ 27. Kf6 Qxf4# 0-1

[Event "DVM U10 2016"]
[Site "Magdeburg GER"]
[Date "2016.12.27"]
[Round "1"]
[White "Kocharin, Timur"]
[Black "Pikalow, Michael"]
[Result "1-0"]
[Termination "normal"]
[Board "11.1"]
[WhiteElo "1037"]
[BlackElo "1441"]
[WhiteTeam "SK Bebenhausen"]
[BlackTeam "USC Magdeburg"]
[PlyCount "31"]
[WhiteFideId "16240936"]
[BlackFideId "16227638"]
[EventCountry "GER"]
[EventRounds "7"]
[EventType "team-swiss"]
[EventDate "2016.12.27"]

1. e4 e6 2. d4 d5 3. e5 c5 4. c3 Nc6 5. Nf3 Qb6 6. Bd3 cxd4 7. cxd4 Bd7 8. O-O
Nxd4 9. Nxd4 Qxd4 10. Nc3 Qxe5 11. Re1 Qc7 12. Nb5 Qc6 13. Bf4 Rd8 14. Nc7+ Ke7
15. Bb5 Qb6 16. Nxd5+ 1-0

[Event "DVM U10 2016"]
[Site "Magdeburg GER"]
[Date "2016.12.27"]
[Round "1"]
[White "Schiffner, Robin"]
[Black "Weide, Julian"]
[Result "0-1"]
[Termination "normal"]
[Board "11.2"]
[WhiteElo "1324"]
[BlackElo "984"]
[WhiteTeam "USC Magdeburg"]
[BlackTeam "SK Bebenhausen"]
[PlyCount "70"]
[WhiteFideId "16210328"]
[BlackFideId "16275209"]
[EventCountry "GER"]
[EventRounds "7"]
[EventType "team-swiss"]
[EventDate "2016.12.27"]

1. e4 c5 2. Nf3 Nc6 3. d4 cxd4 4. Nxd4 Nf6 5. Nc3 e6 6. Be2 g6 7. Be3 Bg7 8.
O-O d5 9. f3 O-O 10. Qd2 Nxd4 11. Bxd4 Qd6 12. e5 Qe7 13. exf6 Bxf6 14. Bxf6
Qxf6 15. Rad1 Rd8 16. Rfe1 Bd7 17. b3 a6 18. Na4 b5 19. Nb6 Rab8 20. Nxd7 Rxd7
21. c4 Rdd8 22. cxb5 axb5 23. Qb4 Qb2 24. Rd2 Qe5 25. Rc1 d4 26. Rc5 Rd5 27.
Rxd5 Qxd5 28. Rxd4 Qe5 29. Bd3 Qe3+ 30. Kf1 Qc1+ 31. Kf2 Qb2+ 32. Kg3 Qxa2 33.
Bxb5 Qa7 34. Rd6 Qc7 35. f4 Rxb5 0-1

[Event "DVM U10 2016"]
[Site "Magdeburg GER"]
[Date "2016.12.27"]
[Round "1"]
[White "Rau, Levi Niklas"]
[Black "Herter, Arne"]
[Result "0-1"]
[Termination "normal"]
[Board "11.3"]
[WhiteElo "834"]
[BlackElo "1114"]
[WhiteTeam "SK Bebenhausen"]
[BlackTeam "USC Magdeburg"]
[PlyCount "78"]
[BlackFideId "16255372"]
[EventCountry "GER"]
[EventRounds "7"]
[EventType "team-swiss"]
[EventDate "2016.12.27"]

1. c4 e5 2. Nc3 Nf6 3. g3 Bc5 4. e3 d6 5. Bg2 O-O 6. Nf3 Bg4 7. h3 Be6 8. b3
Nc6 9. d4 Bb4 10. Bd2 Ne4 11. Nxe4 Bxd2+ 12. Nfxd2 exd4 13. exd4 Nxd4 14. O-O
Qd7 15. Qh5 c6 16. Ng5 h6 17. Nxe6 Qxe6 18. Rfe1 Qf6 19. Ne4 Qd8 20. Ng5 Qxg5
21. Qxg5 hxg5 22. Re4 c5 23. Rae1 Nc2 24. R1e2 Nd4 25. R2e3 Nc2 26. Rf3 Rfe8
27. Rxe8+ Rxe8 28. Rd3 Re1+ 29. Bf1 Nd4 30. b4 b6 31. bxc5 dxc5 32. Ra3 Nc6 33.
Rd3 Ne5 34. Kg2 Nxd3 35. Bxd3 Rd1 36. h4 f6 37. hxg5 fxg5 38. f4 gxf4 39. gxf4
Rxd3 0-1

[Event "DVM U10 2016"]
[Site "Magdeburg GER"]
[Date "2016.12.27"]
[Round "1"]
[White "Rabenstein, Jonathan"]
[Black "Öz, Eren"]
[Result "0-1"]
[Termination "normal"]
[Board "11.4"]
[WhiteElo "988"]
[BlackElo "886"]
[WhiteTeam "USC Magdeburg"]
[BlackTeam "SK Bebenhausen"]
[PlyCount "98"]
[WhiteFideId "16298462"]
[EventCountry "GER"]
[EventRounds "7"]
[EventType "team-swiss"]
[EventDate "2016.12.27"]

1. e4 c5 2. Nf3 Nc6 3. Bc4 g6 4. Nc3 Bg7 5. d3 e6 6. Bg5 Nge7 7. O-O O-O 8. Re1
h6 9. Bxe7 Qxe7 10. e5 d6 11. exd6 Qxd6 12. Ne4 Qe7 13. Rb1 e5 14. h3 Nd4 15.
c3 Ne6 16. Qd2 Nf4 17. Kh2 Qd7 18. Nxc5 Qf5 19. Nh4 Qg5 20. Ne4 Qxh4 21. Nd6
Bxh3 22. g3 Bf1+ 23. Kg1 Qh3 24. Bd5 Nxd5 25. Rxf1 Nc7 26. Ne4 Ne6 27. f3 Ng5
28. Nxg5 hxg5 29. Kf2 Qh2+ 30. Ke1 Qxg3+ 31. Kd1 Bh6 32. Kc2 Qh4 33. Rh1 Qa4+
34. b3 Qf4 35. Qf2 g4 36. Rbe1 gxf3 37. Re4 Qf5 38. Rxh6 Qg5 39. Rh1 Rfd8 40.
Qh2 Kg7 41. Qh7+ Kf6 42. Rf1 Qg2+ 43. Rf2 Qxf2+ 44. Kc1 Rxd3 45. Qh1 Rxc3+ 46.
Kb1 Qc2+ 47. Ka1 Rd8 48. Re1 Rd2 49. Rc1 Qxa2# 0-1

[Event "DVM U10 2016"]
[Site "Magdeburg GER"]
[Date "2016.12.27"]
[Round "1"]
[White "Atze, Reinhard"]
[Black "Ihle, Jonte"]
[Result "1/2-1/2"]
[Termination "normal"]
[Board "12.1"]
[WhiteElo "1169"]
[BlackElo "1133"]
[WhiteTeam "SK König Plauen"]
[BlackTeam "SG Niederkassel"]
[PlyCount "58"]
[WhiteFideId "12995665"]
[BlackFideId "533025452"]
[EventCountry "GER"]
[EventRounds "7"]
[EventType "team-swiss"]
[EventDate "2016.12.27"]

1. e4 e5 2. Nf3 Nc6 3. d4 exd4 4. Bc4 h6 5. O-O Bc5 6. c3 dxc3 7. Nxc3 Nge7 8.
Bf4 d6 9. e5 O-O 10. exd6 Bxd6 11. Bxd6 Qxd6 12. Qxd6 cxd6 13. Rfe1 Bf5 14. Nb5
Rad8 15. Rad1 d5 16. Bb3 a6 17. Nc3 d4 18. Ne2 d3 19. Nf4 Ng6 20. Nxg6 Bxg6 21.
Nh4 Bh7 22. Nf3 Na5 23. Re7 Nxb3 24. axb3 Rfe8 25. Rxb7 d2 26. Rc7 Rc8 27. Rxc8
Rxc8 28. Nxd2 Rd8 29. Re1 Bc2 1/2-1/2

[Event "DVM U10 2016"]
[Site "Magdeburg GER"]
[Date "2016.12.27"]
[Round "1"]
[White "Hartmann, Simon"]
[Black "Elstner, Florian"]
[Result "1/2-1/2"]
[Termination "normal"]
[Board "12.2"]
[WhiteElo "792"]
[BlackElo "1197"]
[WhiteTeam "SG Niederkassel"]
[BlackTeam "SK König Plauen"]
[PlyCount "67"]
[BlackFideId "16247264"]
[EventCountry "GER"]
[EventRounds "7"]
[EventType "team-swiss"]
[EventDate "2016.12.27"]

1. e4 c5 2. Nc3 Nc6 3. Bc4 e6 4. Nge2 Be7 5. d3 Nf6 6. Bg5 O-O 7. O-O a6 8. Qd2
b5 9. Bb3 d6 10. Qf4 Bb7 11. Qg3 Nh5 12. Bxe7 Qxe7 13. Qg4 Nf6 14. Qg5 Ne5 15.
Nf4 Rfe8 16. Rae1 Rac8 17. Nh5 Ng6 18. Re3 h6 19. Nxf6+ Qxf6 20. Qxf6 gxf6 21.
Ne2 Kf8 22. c4 Ke7 23. cxb5 axb5 24. d4 Rg8 25. g3 cxd4 26. Nxd4 b4 27. Nb5 Ba6
28. Ba4 Rb8 29. Nc7 Bxf1 30. Kxf1 Rbc8 31. Na6 Ne5 32. Nxb4 Rc4 33. a3 Nd7 34.
Nc6+ 1/2-1/2

[Event "DVM U10 2016"]
[Site "Magdeburg GER"]
[Date "2016.12.27"]
[Round "1"]
[White "Oehme, Adrian"]
[Black "Eschweiler, Mattes"]
[Result "1-0"]
[Termination "normal"]
[Board "12.3"]
[WhiteElo "1200"]
[BlackElo "889"]
[WhiteTeam "SK König Plauen"]
[BlackTeam "SG Niederkassel"]
[PlyCount "61"]
[EventCountry "GER"]
[EventRounds "7"]
[EventType "team-swiss"]
[EventDate "2016.12.27"]

1. d4 d5 2. c4 dxc4 3. e4 c3 4. Nxc3 e6 5. a3 Nc6 6. Nf3 Be7 7. Be3 Nf6 8. Be2
O-O 9. O-O Bd7 10. Qc2 a6 11. Bd3 Ng4 12. e5 g6 13. Rfe1 Nxe3 14. fxe3 Rb8 15.
e4 b5 16. b4 Bh4 17. Nxh4 Qxh4 18. Ne2 Rb7 19. d5 Nxe5 20. dxe6 Bxe6 21. Rf1
Qg4 22. Nd4 Bd7 23. Be2 Qg5 24. Nf3 Nxf3+ 25. Bxf3 Re8 26. e5 Rxe5 27. Bxb7 Bh3
28. Qxc7 Qxg2+ 29. Bxg2 Rg5 30. Qxf7+ Kh8 31. Qf8# 1-0

[Event "DVM U10 2016"]
[Site "Magdeburg GER"]
[Date "2016.12.27"]
[Round "1"]
[White "Eschweiler, Charlotte"]
[Black "Deiters, Clemenz"]
[Result "0-1"]
[Termination "normal"]
[Board "12.4"]
[WhiteElo "767"]
[BlackElo "1091"]
[WhiteTeam "SG Niederkassel"]
[BlackTeam "SK König Plauen"]
[PlyCount "57"]
[BlackFideId "16240243"]
[EventCountry "GER"]
[EventRounds "7"]
[EventType "team-swiss"]
[EventDate "2016.12.27"]

1. e4 c5 2. Bc4 Nc6 3. Nf3 e6 4. d3 Nf6 5. Bg5 Be7 6. Nc3 a6 7. Bf4 b5 8. Bb3
Bb7 9. O-O d6 10. Ng5 h6 11. Nf3 O-O 12. Re1 e5 13. Be3 Qc7 14. d4 cxd4 15. Bd2
dxc3 16. Bxc3 a5 17. Bd2 a4 18. Bd5 Nxd5 19. exd5 Nd8 20. Bc3 a3 21. Nd2 Bxd5
22. Qg4 axb2 23. Bxb2 Qxc2 24. Rac1 Qxb2 25. Red1 Bg5 26. Nf3 Bxf3 27. Qxf3
Bxc1 28. Rf1 Qa3 29. Qf5 {nicht mehr nachvollziehbar} 0-1

[Event "DVM U10 2016"]
[Site "Magdeburg GER"]
[Date "2016.12.27"]
[Round "1"]
[White "Bildat, Emilia"]
[Black "Hörhager-Celjo, Dino"]
[Result "0-1"]
[Termination "normal"]
[Board "13.2"]
[WhiteElo "1294"]
[BlackElo "861"]
[WhiteTeam "SC Turm Lüneburg"]
[BlackTeam "Düsseldorfer SV"]
[PlyCount "60"]
[WhiteFideId "16218140"]
[BlackFideId "16253035"]
[EventCountry "GER"]
[EventRounds "7"]
[EventType "team-swiss"]
[EventDate "2016.12.27"]

1. d4 d5 2. Bf4 Bf5 3. Nf3 Nc6 4. e3 e6 5. a3 Be7 6. Be2 Nf6 7. h3 O-O 8. Ne5
Re8 9. g4 Bg6 10. h4 h6 11. Nxg6 fxg6 12. Nc3 b5 13. Bxb5 Qd7 14. g5 Nh5 15.
Qd3 Nxf4 16. exf4 Kh7 17. h5 hxg5 18. Qxg6+ Kg8 19. h6 Bf6 20. h7+ Kh8 21.
O-O-O a6 22. Ba4 Qd6 23. Bxc6 Qxc6 24. fxg5 Be7 25. Qf7 Bxg5+ 26. Kb1 Rab8 27.
Rdg1 Qb6 28. Na4 Qxd4 29. Rxg5 Rf8 30. Rg6 Rxf7 0-1

[Event "DVM U10 2016"]
[Site "Magdeburg GER"]
[Date "2016.12.27"]
[Round "1"]
[White "Hörhager-Celjo, Denis"]
[Black "Strzoda, Christian"]
[Result "0-1"]
[Termination "normal"]
[Board "13.3"]
[WhiteElo "853"]
[BlackElo "849"]
[WhiteTeam "Düsseldorfer SV"]
[BlackTeam "SC Turm Lüneburg"]
[PlyCount "84"]
[WhiteFideId "16253027"]
[BlackFideId "16218450"]
[EventCountry "GER"]
[EventRounds "7"]
[EventType "team-swiss"]
[EventDate "2016.12.27"]

1. e4 e5 2. Nf3 Nc6 3. Bc4 Bc5 4. c3 d6 5. d4 a6 6. dxc5 Nf6 7. Nbd2 h6 8. O-O
dxc5 9. b4 b5 10. Be2 c4 11. Bb2 O-O 12. h3 Be6 13. Qc2 Qe7 14. Rad1 Rad8 15.
a4 Rfe8 16. axb5 axb5 17. Rfe1 Nh7 18. Nf1 Qf6 19. Rxd8 Rxd8 20. Rd1 Re8 21.
Ng3 Ng5 22. Nxg5 Qxg5 23. Bc1 Qf6 24. Nh5 Qg6 25. Be3 Bxh3 26. g3 Bg4 27. Bxg4
Qxg4 28. Qd2 Rd8 29. Qxd8+ Nxd8 30. Rxd8+ Kh7 31. Bxh6 Kxh6 32. Rh8+ Kg6 33.
Kg2 Qxe4+ 34. f3 Qc2+ 35. Kh3 f6 36. g4 Qxc3 37. Rg8 Qxf3+ 38. Ng3 c3 39. Rc8
c6 40. Ra8 c2 41. Ra1 e4 42. Rc1 Qd3 0-1

[Event "DVM U10 2016"]
[Site "Magdeburg GER"]
[Date "2016.12.27"]
[Round "1"]
[White "Helms, Finn"]
[Black "Schachner-Blume, Leander"]
[Result "0-1"]
[Termination "normal"]
[Board "13.4"]
[WhiteElo "913"]
[BlackElo "843"]
[WhiteTeam "SC Turm Lüneburg"]
[BlackTeam "Düsseldorfer SV"]
[PlyCount "86"]
[WhiteFideId "16249143"]
[EventCountry "GER"]
[EventRounds "7"]
[EventType "team-swiss"]
[EventDate "2016.12.27"]

1. d4 d5 2. Bf4 Nc6 3. e3 Nf6 4. Bd3 e6 5. Nf3 Bb4+ 6. c3 Ba5 7. Nbd2 Bd7 8.
O-O Qe7 9. Qe2 O-O 10. Rad1 Rad8 11. a4 a6 12. b4 Bb6 13. a5 Ba7 14. Bxc7 Rc8
15. Be5 Rfe8 16. Bc2 Bb8 17. Bxb8 Rxb8 18. Qd3 g6 19. Ne5 Nxe5 20. dxe5 Ng4 21.
Nf3 Bb5 22. c4 Bxc4 23. Qd4 Bxf1 24. Qxg4 Be2 25. Rd2 Bxf3 26. Qxf3 Qxb4 27.
Rd1 Rbc8 28. Rc1 Qd2 29. Rd1 Qxc2 30. h3 Rc5 31. Re1 Rxa5 32. Rf1 b5 33. Qf6
Qf5 34. Qxf5 exf5 35. f4 b4 36. Rb1 Rb8 37. Rb3 Ra3 38. Rxa3 bxa3 39. Kf2 a2
40. g3 Rb2+ 41. Kf3 a1=Q 42. g4 Qf1+ 43. Kg3 Qf2# 0-1

[Event "DVM U10 2016"]
[Site "Magdeburg GER"]
[Date "2016.12.27"]
[Round "1"]
[White "Kiefhaber, Tobias"]
[Black "Behr, Julian"]
[Result "1-0"]
[Termination "normal"]
[Board "14.1"]
[WhiteElo "1130"]
[BlackElo "1023"]
[WhiteTeam "Karlsruher SF"]
[BlackTeam "SC Landskrone"]
[PlyCount "70"]
[WhiteFideId "16240693"]
[BlackFideId "16255410"]
[EventCountry "GER"]
[EventRounds "7"]
[EventType "team-swiss"]
[EventDate "2016.12.27"]

1. e4 e5 2. Nf3 Nc6 3. Bc4 Nf6 4. Ng5 d5 5. exd5 Nxd5 6. Nxf7 Kxf7 7. Qf3+ Ke6
8. Nc3 Bb4 9. Bxd5+ Kd6 10. Bxc6 bxc6 11. O-O Rf8 12. Ne4+ Ke7 13. Qh5 Bf5 14.
Qh4+ Ke8 15. Qxd8+ Kxd8 16. Ng3 Bxc2 17. Re1 Re8 18. a3 Ba5 19. b4 Bb6 20. Nh5
g6 21. Nf6 Re7 22. Ng8 Re6 23. Nh6 Kc8 24. Bb2 Kb7 25. Rxe5 Rd8 26. Bc3 Rf8 27.
Re2 g5 28. Bg7 Rd8 29. Nf7 Rxd2 30. Nd8+ Rxd8 31. Bb2 g4 32. g3 Rf8 33. Ree1
Rf7 34. Re4 h5 35. Re2 a6 {nicht mehr nachvollziehbar} 1-0

[Event "DVM U10 2016"]
[Site "Magdeburg GER"]
[Date "2016.12.27"]
[Round "1"]
[White "Eichhorn, Valentin"]
[Black "Püschel-Esparza, Mateo"]
[Result "1-0"]
[Termination "normal"]
[Board "14.3"]
[WhiteElo "989"]
[BlackElo "787"]
[WhiteTeam "Karlsruher SF"]
[BlackTeam "SC Landskrone"]
[PlyCount "77"]
[WhiteFideId "16239032"]
[EventCountry "GER"]
[EventRounds "7"]
[EventType "team-swiss"]
[EventDate "2016.12.27"]

1. d4 d6 2. Nf3 Nf6 3. Bf4 g6 4. e3 Bg7 5. Bd3 O-O 6. c3 Bg4 7. Nbd2 Nc6 8. Qc2
Qe8 9. h3 Bd7 10. g4 e5 11. Bg3 exd4 12. Nxd4 Nxd4 13. cxd4 Nd5 14. Be2 Bb5 15.
Qe4 Qxe4 16. Nxe4 Bxe2 17. Kxe2 Rfe8 18. Kf3 c5 19. Nxd6 Red8 20. dxc5 b6 21.
c6 Bxb2 22. Rab1 Ba3 23. Nc4 Nb4 24. c7 Rdc8 25. Nxa3 Nxa2 26. Ra1 Nc3 27. Rac1
Nd5 28. Nb5 Ne7 29. Rc2 Re8 30. Rhc1 a6 31. Nd6 b5 32. c8=Q Nxc8 33. Rxc8 Raxc8
34. Nxc8 a5 35. Nb6 Rb8 36. Bxb8 a4 37. Be5 h6 38. Rc8+ Kh7 39. Rh8# 1-0

[Event "DVM U10 2016"]
[Site "Magdeburg GER"]
[Date "2016.12.27"]
[Round "1"]
[White "Kalina, Emil"]
[Black "Claussen, Carlos"]
[Result "0-1"]
[Termination "normal"]
[Board "14.4"]
[WhiteElo "727"]
[BlackElo "898"]
[WhiteTeam "SC Landskrone"]
[BlackTeam "Karlsruher SF"]
[PlyCount "58"]
[BlackFideId "16245288"]
[EventCountry "GER"]
[EventRounds "7"]
[EventType "team-swiss"]
[EventDate "2016.12.27"]

1. e4 e5 2. Nf3 Nc6 3. Bc4 Bc5 4. O-O Nf6 5. Ng5 O-O 6. d3 d6 7. Nc3 Bg4 8. Qe1
Nd4 9. Be3 Nxc2 10. Qc1 Nxa1 11. Qxa1 Bxe3 12. fxe3 c6 13. h3 b5 14. hxg4 bxc4
15. dxc4 Nxg4 16. b3 Nxe3 17. Re1 Nc2 18. Qd1 Nxe1 19. Qxe1 Qxg5 20. Qd1 Qe3+
21. Kh1 Qxc3 22. Qf1 Rfd8 23. b4 d5 24. cxd5 cxd5 25. exd5 Rxd5 26. Qa6 Qg3 27.
Qa4 e4 28. b5 Rd2 29. b6 Qxg2# 0-1

[Event "DVM U10 2016"]
[Site "Magdeburg GER"]
[Date "2016.12.27"]
[Round "1"]
[White "Derling, Charlotte"]
[Black "Kuppe, Eugen"]
[Result "0-1"]
[Termination "normal"]
[Board "15.1"]
[WhiteElo "1081"]
[BlackElo "1184"]
[WhiteTeam "SV Roter Turm Halle 2"]
[BlackTeam "SV Roter Turm Halle 1"]
[PlyCount "69"]
[WhiteFideId "16222237"]
[EventCountry "GER"]
[EventRounds "7"]
[EventType "team-swiss"]
[EventDate "2016.12.27"]

1. e4 c5 2. Nf3 Nc6 3. d4 cxd4 4. Nxd4 d6 5. Bb5 Bd7 6. Nc3 g6 7. O-O Bg7 8.
Nxc6 bxc6 9. Bd3 Nf6 10. Bg5 O-O 11. Re1 Rb8 12. Qd2 Rxb2 13. Bh6 Qa5 14. Bxg7
Kxg7 15. Red1 Bg4 16. f3 Be6 17. a3 Rfb8 18. Kh1 d5 19. exd5 cxd5 20. Ne2 Qxd2
21. Rxd2 Rb1+ 22. Rd1 Rxa1 23. Rxa1 Nh5 24. Rd1 f5 25. Re1 Bd7 26. Nc3 e6 27.
Ne2 Kf6 28. Nd4 Nf4 29. Bf1 e5 30. Ne2 Nxe2 31. Bxe2 Bb5 32. Bxb5 Rxb5 33. Rd1
Rb6 34. Kg1 Kg7 35. Kf2 {nicht mehr nachvollziehbar} 0-1

[Event "DVM U10 2016"]
[Site "Magdeburg GER"]
[Date "2016.12.27"]
[Round "1"]
[White "Pietsch, Johann"]
[Black "Wähler, Joris"]
[Result "1-0"]
[Termination "normal"]
[Board "15.2"]
[WhiteElo "1590"]
[BlackElo "890"]
[WhiteTeam "SV Roter Turm Halle 1"]
[BlackTeam "SV Roter Turm Halle 2"]
[PlyCount "108"]
[WhiteFideId "12987000"]
[BlackFideId "16299388"]
[EventCountry "GER"]
[EventRounds "7"]
[EventType "team-swiss"]
[EventDate "2016.12.27"]

1. e4 e5 2. Nf3 Nc6 3. Bc4 Bc5 4. Nc3 Nf6 5. d3 O-O 6. Bg5 h6 7. Bh4 Na5 8. Nd5
Be7 9. Nxe5 Nxd5 10. Bxd5 Bxh4 11. Qh5 Qf6 12. Ng4 Qg5 13. Qxg5 Bxg5 14. h4 Be7
15. h5 d6 16. Ne3 Bg5 17. Ke2 c6 18. Bb3 Bxe3 19. fxe3 Nxb3 20. axb3 Kh7 21.
Rhg1 Bg4+ 22. Kd2 Bxh5 23. g4 Bg6 24. Rg3 h5 25. Rh1 Kh6 26. c3 Rad8 27. b4 d5
28. e5 f6 29. gxh5 Bxh5 30. Rgh3 g6 31. d4 fxe5 32. dxe5 Rf2+ 33. Kc1 Rf3 34.
Rxf3 Kg7 35. Rg3 Kh6 36. Rf1 Ra8 37. e6 a5 38. e7 Kg7 39. Rh1 Kh6 40. bxa5 g5
41. Rgh3 Re8 42. Rxh5+ Kg6 43. Rh6+ Kf5 44. Rh7 g4 45. Rf1+ Kg6 46. Rf8 Kxh7
47. Rxe8 g3 48. Rh8+ Kxh8 49. e8=Q+ Kh7 50. Qf7+ Kh8 51. Qf3 Kh7 52. Qxg3 Kh8
53. Kd2 Kh7 54. Ke2 Kh6 1-0

[Event "DVM U10 2016"]
[Site "Magdeburg GER"]
[Date "2016.12.27"]
[Round "1"]
[White "Kemper, Matti"]
[Black "Adelmeyer, Nelly"]
[Result "0-1"]
[Termination "normal"]
[Board "15.3"]
[WhiteElo "908"]
[BlackElo "1144"]
[WhiteTeam "SV Roter Turm Halle 2"]
[BlackTeam "SV Roter Turm Halle 1"]
[PlyCount "76"]
[BlackFideId "16203577"]
[EventCountry "GER"]
[EventRounds "7"]
[EventType "team-swiss"]
[EventDate "2016.12.27"]

1. e4 e5 2. Nf3 Nc6 3. Bc4 Be7 4. Nc3 Nf6 5. O-O O-O 6. Bb5 a6 7. Be2 d6 8. d3
Bg4 9. Bg5 Nd4 10. Nxd4 Bxe2 11. Ndxe2 Ng4 12. Be3 Bg5 13. Bxg5 Qxg5 14. Ng3
Rfe8 15. h3 Nf6 16. Nd5 Rac8 17. Nxf6+ Qxf6 18. Qg4 Qe6 19. Nh5 Qxg4 20. hxg4
Re6 21. Rae1 Rh6 22. Re3 Re8 23. Rh3 Ree6 24. Re1 Reg6 25. f3 Re6 26. Rf1 g6
27. Nf6+ Kg7 28. Rxh6 Kxh6 29. g5+ Kxg5 30. Nxh7+ Kh6 31. Nf8 Re8 32. Nd7 Kg7
33. f4 Rd8 34. Nxe5 dxe5 35. c3 exf4 36. Rxf4 Rxd3 37. e5 Re3 38. g4 Rxe5 0-1

[Event "DVM U10 2016"]
[Site "Magdeburg GER"]
[Date "2016.12.27"]
[Round "1"]
[White "Kageler, Anton Paul"]
[Black "Fiedler, Ian Fynn"]
[Result "1/2-1/2"]
[Termination "normal"]
[Board "15.4"]
[WhiteElo "911"]
[BlackElo "600"]
[WhiteTeam "SV Roter Turm Halle 1"]
[BlackTeam "SV Roter Turm Halle 2"]
[PlyCount "111"]
[WhiteFideId "16244850"]
[BlackFideId "16275012"]
[EventCountry "GER"]
[EventRounds "7"]
[EventType "team-swiss"]
[EventDate "2016.12.27"]

1. d4 d5 2. c4 Nf6 3. Nc3 Be6 4. Bg5 Nc6 5. Bxf6 exf6 6. e4 Bd7 7. Nxd5 Bb4+ 8.
Nxb4 Nxb4 9. d5 O-O 10. a3 Na6 11. Nf3 c6 12. Be2 Re8 13. Qc2 Nc5 14. d6 Ne6
15. e5 fxe5 16. Nxe5 Nd4 17. Qe4 c5 18. Bd3 Bf5 19. Qe3 Re6 20. Bxf5 Nxf5 21.
Qxc5 Rxd6 22. Nxf7 Qe7+ 23. Ne5 b6 24. Qb5 g6 25. Qb4 Qxe5+ 26. Kf1 Re8 27. Re1
Qxe1+ 28. Qxe1 Rxe1+ 29. Kxe1 Rd4 30. Ke2 Rxc4 31. Kf3 Nd4+ 32. Ke3 Nc2+ 33.
Kd3 Rc5 34. Kd2 Nd4 35. Re1 g5 36. Re8+ Kf7 37. Rb8 Rb5 38. Kd3 Nc6 39. Rb7+
Kg6 40. Rc7 Ne5+ 41. Kd4 h5 42. a4 Ra5 43. b4 Rxa4 44. Kxe5 Rxb4 45. Rc6+ Kf7
46. Kd5 Rb5+ 47. Kd4 Ke7 48. Rh6 g4 49. h3 Rb2 50. Rxh5 Rxf2 51. Rg5 Rxg2 52.
hxg4 Rg1 53. Rg7+ Kf6 54. Rxa7 Rxg4+ 55. Kd5 Rb4 56. Kc6 1/2-1/2